|
|
|
|
| LEADER |
00000nam0a2200000 4500 |
| 001 |
131589 |
| 005 |
20231031134521.0 |
| 010 |
|
|
|a 9785971705192
|
| 035 |
|
|
|a (RuTPU)RU\TPU\book\142516
|
| 090 |
|
|
|a 131589
|
| 100 |
|
|
|a 20080219d2008 m y0rusy50 ca
|
| 101 |
0 |
|
|a rus
|
| 102 |
|
|
|a RU
|
| 105 |
|
|
|a a z 000ay
|
| 200 |
1 |
|
|a Люди истины
|f Д. Могилевцев
|
| 210 |
|
|
|a СПб.
|c Крылов
|d 2008
|
| 215 |
|
|
|a 381 с.
|c ил.
|
| 225 |
1 |
|
|a Мужской клуб
|
| 225 |
1 |
|
|a Историческая авантюра
|
| 330 |
|
|
|a Арабский Восток XII века, порабощенный тюрками, осажденный крестоносцами, наполненный разномастным сбродом со всех уголков земли, оставался центром науки и культуры Средневековья. Талантливый юноша из знатной семьи Хасан ас-Сабах был принят в братство исмаилитов и направлен для обучения в великий город ал-Кахира, столицу праведных имамов, чтобы стать проповедником. Войны и странствия, дворцовые интриги и коварство разбойников, даже дружба с любителем вина и сочинителем пагубных стихов Омаром Хайямом не помешали ас-Сабаху создать государство, основанное на слове Истины, чей свет рассеялся по всему миру и сияет до наших дней.
|
| 610 |
1 |
|
|a русская литература
|
| 610 |
1 |
|
|a романы
|
| 610 |
1 |
|
|a исторические романы
|
| 610 |
1 |
|
|a арабский Восток
|
| 610 |
1 |
|
|a 12 век
|
| 610 |
1 |
|
|a авантюрные романы
|
| 675 |
|
|
|a Р2
|v 3
|
| 700 |
|
1 |
|a Могилевцев
|b Д.
|g Дмитрий
|
| 801 |
|
1 |
|a RU
|b 63413507
|c 20080219
|g PSBO
|
| 801 |
|
2 |
|a RU
|b 63413507
|c 20080228
|g PSBO
|
| 942 |
|
|
|c BK
|